[Event "Seebach op 23rd"]
[Site "Grossenseebach"]
[Date "2012.06.08"]
[Round "4"]
[White "Paulick, Juergen"]
[Black "Braun, Michael1111"]
[Result "0-1"]
[WhiteElo "1386"]
[BlackElo "1913"]
[PlyCount "75"]
[EventDate "2012.06.07"]
[EventType "swiss"]
[EventRounds "7"]
[EventCountry "GER"]
[SourceTitle "EXT 2013"]
[Source "ChessBase"]
[SourceDate "2012.11.22"]
[SourceVersion "1"]
[SourceVersionDate "2012.11.22"]
[SourceQuality "1"]

1. c4 g6 2. d4 Bg7 3. Nc3 Nf6 4. e4 d6 5. Nf3 0-0 6. Be2 e5 7. d5 Nh5 8. g3 f5 9. Nh4 Nf6 10. exf5 gxf5 11. f4 e4 12. Be3 c5 13. a3 Na6 14. Rb1 b6 15. Qa4 Nc7 16. Kd2 Qe7 17. b4 Nfe8 18. Qd1 Bd7 19. b5 a6 20. Qb3 axb5 21. Nxb5 Nxb5 22. cxb5 Nc7 23. Ke1 Ra5 24. Bd2 Ra7 25. Rd1 Rfa8 26. Bc1 Ra5 27. Ng2 Nxb5 28. Bxb5 Rxb5 29. Qc2 Rba5 30. Qf2 Ra4 31. Ne3 b5 32. h3 b4 33. axb4 Rxb4 34. g4 Bf6 35. g5 Bd4 36. Qg3 Ra2 37. g6 h6 38. Rg1 0-1

[Event "Seebach op 23rd"]
[Site "Grossenseebach"]
[Date "2012.06.07"]
[Round "2"]
[White "Walter, Manfred"]
[Black "Paulick, Juergen"]
[Result "0-1"]
[WhiteElo "1647"]
[BlackElo "1386"]
[PlyCount "64"]
[EventDate "2012.06.07"]
[EventType "swiss"]
[EventRounds "7"]
[EventCountry "GER"]
[SourceTitle "EXT 2013"]
[Source "ChessBase"]
[SourceDate "2012.11.22"]
[SourceVersion "1"]
[SourceVersionDate "2012.11.22"]
[SourceQuality "1"]

1. c4 c5 2. g3 e6 3. Bg2 d5 4. e3 Nf6 5. Nf3 Nc6 6. b3 d4 7. exd4 cxd4 8. d3 e5 9. 0-0 Bd6 10. Re1 0-0 11. a3 a5 12. Nbd2 Qe7 13. Bb2 Rb8 14. Rc1 b6 15. Ng5 h6 16. Nge4 Nxe4 17. Nxe4 f5 18. Nxd6 Qxd6 19. Bd5+ Kh8 20. Qf3 Bd7 21. Rc2 e4 22. dxe4 fxe4 23. Qg2 Rf3 24. Rxe4 Rxb3 25. c5 bxc5 26. Bxb3 Rxb3 27. Qf1 Ne5 28. Rce2 Nf3+ 29. Kg2 Qc6 30. Qb1 Ng5 31. Qc2 Nxe4 32. Qxe4 Rxb2 0-1